|
|
|
|
| LEADER |
00000nam a22000007a 4500 |
| 005 |
20120921144939.0 |
| 007 |
cr|||| |||| |
| 008 |
120921s2011 sp |||||s|||| 00||0 spa d |
| 020 |
|
|
|a 978-84-15455-10-3
|
| 035 |
|
|
|a 6343
|
| 040 |
|
|
|a vLex
|
| 090 |
|
|
|c 3463
|d 3463
|
| 100 |
1 |
|
|a Hoyo Sierra, Isabel Araceli
|
| 245 |
1 |
0 |
|a Textos jurd̕icos y contextos sociales en F. A. Hayek
|h [Recurso electrn̤ico] /
|c Isabel Araceli Hoyo Sierra, ℓngel Sǹchez de la Torre
|
| 256 |
|
|
|a Servicio en ln̕ea
|
| 260 |
|
|
|a Madrid :
|b Dykinson,
|c 2011
|
| 300 |
|
|
|a 1 recurso electrn̤ico
|
| 506 |
1 |
|
|a Contenido solo disponible en los productos indicados
|d vLex Global
|d vLex Global (Academic Edition, excluding Law Schools)
|d vLex Global (U.S. Academic Edition, Law Schools)
|d vLex Global (U.S. Academic Edition, excluding Law Schools)
|d vLex Global (Academic Edition, Law Schools)
|
| 650 |
0 |
4 |
|a Jurisprudencia
|
| 740 |
0 |
|
|a vLex Libros (Servicio en ln̕ea)
|
| 856 |
4 |
0 |
|u http://vlex.com/source/textos-juridicos-contextos-sociales-f-a-hayek-6343
|z Acceso restringido
|
| 942 |
|
|
|c BOOK
|
| 999 |
0 |
|
|a Jurisprudence
|